000
00218 a2200097 4500
001
13888
100
_a
Lessing Doris
245
_a
A Ripple From the Storm
260
_a
London
_b
A Pan the Book
_c
090
_c
10856
_d
10856
942
_a
NUST-CAE
_c
M
_c
954
999
_c
248961
_d
248961